Category 5 Hurricanes Since 2000 Quiz Stats

 Plays Quiz not verified by Sporcle

Also try: The Australia Quiz
Challenge
Share
Tweet
Embed
Score 0/8 Timer 03:00
0 Plays Today
Year Hurricane % Correct
2005Katrina
97.4%
2005Rita
89.7%
2004Ivan
79.5%
2005Wilma
79.5%
2003Isabel
71.8%
2005Emily
56.4%
2007Dean
56.4%
2007Felix
51.3%

You're not logged in!

Compare scores with friends on all Sporcle quizzes.
Join for Free
OR
Log In

You Might Also Like...

Show Comments

Extras

Top Quizzes Today


Score Distribution

Your Account Isn't Verified!

In order to create a playlist on Sporcle, you need to verify the email address you used during registration. Go to your Sporcle Settings to finish the process.

Report this User

Report this user for behavior that violates our Community Guidelines.

Details: